Communication theory : an official journal of the international communication association /
Saved in:
| 其他作者: | |
|---|---|
| 格式: | 圖書 |
| 語言: | 英语 |
| 出版: |
Washington :
Wiley Blackwell,
2013.
|
| 叢編: | Vol. 23/ No. 3, August 2013
|
| 主題: | |
| 標簽: |
沒有標簽, 成為第一個標記此記錄!
|
MARC
| LEADER | 00000cam a22000002 4500 | ||
|---|---|---|---|
| 001 | 0000058527 | ||
| 003 | Daystar | ||
| 005 | 20171002023058.0 | ||
| 008 | 141119s xx 000 0 eng d | ||
| 020 | |a 10503293 : | ||
| 040 | |a Daystar |d EOtanga | ||
| 245 | 1 | 0 | |a Communication theory : |b an official journal of the international communication association / |c edited by Thomas Hanitzsch. |
| 260 | |a Washington : |b Wiley Blackwell, |c 2013. | ||
| 300 | |a 315 p : |b ill. | ||
| 440 | 0 | |a Vol. 23/ No. 3, August 2013 | |
| 504 | |a Includes bibliographical references and index. | ||
| 650 | 0 | |a Communication |v Journal. | |
| 700 | 1 | |a Hanitzsch, Thomas. | |
| 908 | |a 141119 | ||
| 942 | |c JOU | ||
| 952 | |0 0 |1 0 |4 0 |7 0 |9 67242 |a DUN |b DUN |c AFR |d 2017-09-28 |l 0 |p JOU00158 |r 2017-09-28 00:00:00 |w 2017-09-28 |x 000158 |y JOU | ||
| 999 | |c 35643 |d 35643 | ||